Serie TV - Moyen - Statistiques

Statistiques générales
  • Ce quiz a été pris 72 fois
  • Le résultat moyen est 2 sur 15
Statistiques - réponses
Hint Réponse % Correct
Clary, Simon, Jace, Alec, Izzy, Magnus Shadowhunters
59%
Chiara, Ludovica, Damiano, Fabio Baby
44%
Michaela, Ben, Grace, Olive, Jared Manifest
33%
Lola, Valeria, Carmen, Nerea, Victor Valeria
22%
Brandon, Callie, Marianna, Jesus The fosters
16%
Capheus, Sun Bak, Nomi, Kala, Riley Sense 8
9%
Callie, Marianna, Malika, Alice Good trouble
6%
Sarah, Beth, Helena, Felix, Siobhan Orphan black
5%
Madeline, Celeste, Jane, Perry, Nathan Big Little Lies
3%
Henry, Abe, Jo, Joanna, Mike, Lucas Forever
3%
Prairie, Homer, Abel, Nancy, Betty, Steve The OA
3%
Tiff, Pete, Doug, Kate Bonding
2%
Daniel, Fern, Fairley, Nichols, Callan Dr Harrow
2%
Stella, Wes, Aiden, Elizabeth, Ida, Sadie Life sentence
2%
Sheila, Joel, Abby, Eric Santa Clarita Diet
2%
Aucun quiz correspondant
Distribution des résultats
% des personnes avec chaque résultat
Percentile par nombre de réponses
Votre historique - résultats
Vous n’avez pas pris ce quiz